[Event "SR 1. liga zapad 2015/2016"]
[Site "?"]
[Date "2015.12.13"]
[Round "6.1"]
[White "Briestenska, Andrea"]
[Black "Balogh, Peter"]
[Result "1/2-1/2"]
[WhiteElo "1979"]
[BlackElo "2132"]
[PlyCount "69"]
[EventDate "2015.??.??"]

1. f4 e5 2. fxe5 d6 3. Nf3 dxe5 4. e4 Bc5 5. Bc4 Nf6 6. Qe2 Nc6 7. c3 Bg4 8. b4
Bb6 9. a4 a6 10. d3 Qe7 11. Be3 Nh5 12. Bxb6 cxb6 13. Qe3 Nf4 14. O-O O-O 15.
d4 Ng6 16. d5 Nd8 17. Qxb6 Rc8 18. Nbd2 Kh8 19. Qe3 f6 20. b5 a5 21. Bb3 Nf4
22. Nc4 Nf7 23. g3 Nh3+ 24. Kh1 Nfg5 25. Nfd2 Qc5 26. Qxc5 Rxc5 27. Kg2 Rfc8
28. Rac1 Be2 29. Nd6 Bxf1+ 30. Rxf1 R8c7 31. c4 Rd7 32. Nf5 g6 33. Ne3 Kg7 34.
Bd1 h5 35. Bc2 1/2-1/2

[Event "SR 1. liga zapad 2015/2016"]
[Site "?"]
[Date "2015.12.13"]
[Round "6.1"]
[White "Dvorsky, Jozef"]
[Black "Stehlik, Peter"]
[Result "1/2-1/2"]
[WhiteElo "2010"]
[BlackElo "2011"]
[PlyCount "63"]
[EventDate "2015.??.??"]

1. e4 c6 2. d4 d5 3. e5 Bf5 4. Ne2 e6 5. Ng3 Bg6 6. h4 h6 7. h5 Bh7 8. Bd3 Bxd3
9. Qxd3 Nd7 10. O-O Qb6 11. Nd2 c5 12. c3 Ne7 13. f4 O-O-O 14. a3 f5 15. b4 c4
16. Qe2 g6 17. a4 Rg8 18. Kf2 gxh5 19. Nxh5 Rg4 20. Nf3 Ng6 21. g3 Nh8 22. Be3
Be7 23. Ra2 Rdg8 24. Rfa1 Qd8 25. Ke1 Qe8 26. Qh2 Ng6 27. Re2 Nh4 28. gxh4 Qxh5
29. Kd2 Rg3 30. Ng5 Rxe3 31. Kxe3 hxg5 32. hxg5 1/2-1/2

[Event "SR 1. liga zapad 2015/2016"]
[Site "?"]
[Date "2015.12.13"]
[Round "6.1"]
[White "Odler, Daniel"]
[Black "Kosar, Mikulas Ml"]
[Result "1-0"]
[WhiteElo "2072"]
[BlackElo "1794"]
[PlyCount "51"]
[EventDate "2015.??.??"]

1. e4 c5 2. Nf3 Nc6 3. d4 cxd4 4. Nxd4 e5 5. Nb5 a6 6. Nd6+ Bxd6 7. Qxd6 Qf6 8.
Qd1 Nge7 9. Nc3 O-O 10. Be3 b5 11. Be2 Rd8 12. O-O Qg6 13. Bf3 d6 14. Bb6 Rd7
15. Bh5 Qf6 16. Nd5 Nxd5 17. exd5 Ne7 18. f4 exf4 19. g3 Qg5 20. Rxf4 g6 21.
Bf3 Rb7 22. Bf2 Nf5 23. Qd2 Rc7 24. Re1 Bb7 25. Qe2 Re7 26. Rxf5 1-0

[Event "SR 1. liga zapad 2015/2016"]
[Site "?"]
[Date "2015.12.13"]
[Round "6.1"]
[White "Meszaros, Nikolas"]
[Black "Amrich, Martin"]
[Result "0-1"]
[WhiteElo "1760"]
[BlackElo "1989"]
[PlyCount "104"]
[EventDate "2015.??.??"]

1. e4 c5 2. Nf3 d6 3. Bc4 Nf6 4. Nc3 e6 5. O-O Be7 6. Re1 Nc6 7. d4 cxd4 8.
Nxd4 O-O 9. Be3 a6 10. a3 Ne5 11. Bb3 Qc7 12. Qe2 Bd7 13. Red1 Rac8 14. Nf3 Ng6
15. h3 Qa5 16. Bd2 Qc7 17. Be3 Qb8 18. Bd4 e5 19. Be3 Rxc3 20. bxc3 Qc8 21. Qd3
Bxh3 22. gxh3 Qxh3 23. Nh2 Ng4 24. Nf3 Nxe3 25. Qxe3 Nf4 26. Ne1 Qg4+ 27. Kf1
Kh8 28. Qf3 Qc8 29. Ng2 Ng6 30. Bd5 f5 31. Qe3 fxe4 32. Bxe4 Nf4 33. Nxf4 Rxf4
34. Bd5 Bh4 35. f3 Qh3+ 36. Ke2 Qg2+ 37. Kd3 Qg6+ 38. Be4 Qe6 39. c4 b5 40.
cxb5 d5 41. Bxd5 Qxd5+ 42. Ke2 Qxb5+ 43. Qd3 Qb6 44. Qe3 Qg6 45. Rf1 Qxc2+ 46.
Qd2 Qf5 47. Rab1 h6 48. Rb4 e4 49. Rxe4 Rxe4+ 50. fxe4 Qxe4+ 51. Qe3 Qg2+ 52.
Kd3 Qxf1+ 0-1

[Event "SR 1. liga zapad 2015/2016"]
[Site "?"]
[Date "2015.12.13"]
[Round "6.2"]
[White "Vass, Frantisek Ml"]
[Black "Gazik, Viktor"]
[Result "0-1"]
[WhiteElo "2313"]
[BlackElo "2430"]
[PlyCount "110"]
[EventDate "2015.??.??"]

1. d4 f5 2. Nf3 Nf6 3. g3 g6 4. Bg2 Bg7 5. O-O O-O 6. c4 c6 7. Nc3 Na6 8. Re1
Ne4 9. Qb3 Kh8 10. Bf4 d6 11. Rad1 Qa5 12. Bc1 Rb8 13. a3 Bd7 14. Qc2 Nxc3 15.
b4 Qa4 16. Qxc3 c5 17. bxc5 Nxc5 18. Qe3 Ne4 19. Nd2 Nxd2 20. Rxd2 Bf6 21. c5
Qa6 22. Bb2 Rfe8 23. d5 dxc5 24. Bxf6+ Qxf6 25. Qxc5 b6 26. Qc7 Qd6 27. Qc3+
Kg8 28. e4 Rbc8 29. Qb2 fxe4 30. Bxe4 Rc5 31. h4 Bg4 32. Kg2 Rec8 33. f3 Bd7
34. h5 Rc3 35. hxg6 hxg6 36. Qb1 Qf6 37. Rf2 Be8 38. Qb2 Kg7 39. Rfe2 Bf7 40.
Rh1 Kg8 41. Rhe1 R8c5 42. Rd1 Ra5 43. d6 exd6 44. Re3 Raxa3 45. Rdd3 Ra2 46.
Qxa2 Rxd3 47. Qe2 Rxe3 48. Qxe3 d5 49. Bd3 Qc3 50. Qe2 a5 51. Bb5 Kf8 52. Kh3
Qb4 53. Bd7 Qe7 54. Qb5 d4 55. g4 Qd6 0-1

[Event "SR 1. liga zapad 2015/2016"]
[Site "?"]
[Date "2015.12.13"]
[Round "6.2"]
[White "Dobrotka, Martin"]
[Black "Maros, Milan"]
[Result "1-0"]
[WhiteElo "2183"]
[BlackElo "2343"]
[PlyCount "49"]
[EventDate "2015.??.??"]

1. d4 Nf6 2. c4 e6 3. Nf3 b6 4. e3 Bb7 5. Be2 c5 6. O-O d5 7. Nc3 Nbd7 8. Ne5
dxc4 9. Nxc4 Be7 10. dxc5 Nxc5 11. Qxd8+ Rxd8 12. Nb5 a6 13. Nd4 Nfd7 14. b3
O-O 15. Ba3 Rc8 16. Rac1 b5 17. Na5 Bd5 18. Bb2 Nb6 19. Rfd1 Rfd8 20. Bf3 Bxf3
21. gxf3 Bf8 22. Ndc6 Rxd1+ 23. Rxd1 f6 24. Ba3 Nbd7 25. b4 1-0

[Event "SR 1. liga zapad 2015/2016"]
[Site "?"]
[Date "2015.12.13"]
[Round "6.2"]
[White "Ondrus, Martin"]
[Black "Hanko, Pavol"]
[Result "1-0"]
[WhiteElo "2306"]
[BlackElo "2151"]
[PlyCount "107"]
[EventDate "2015.??.??"]

1. e4 c5 2. Nf3 e6 3. d4 cxd4 4. Nxd4 Nf6 5. Nc3 d6 6. Be3 a6 7. f3 b5 8. Qd2
Bb7 9. g4 h6 10. O-O-O Nbd7 11. h4 b4 12. Na4 Qa5 13. b3 Nc5 14. a3 Nxa4 15.
axb4 Qc7 16. bxa4 Nd7 17. b5 Ne5 18. bxa6 Bxa6 19. Nb5 Qc6 20. Nxd6+ Bxd6 21.
Qxd6 Qxd6 22. Rxd6 Bxf1 23. Rxf1 Nc4 24. Rd3 Nxe3 25. Rxe3 Rxa4 26. Kd2 O-O 27.
h5 Ra2 28. Rb1 Kh7 29. Rb7 g6 30. hxg6+ Kxg6 31. Rb5 Re8 32. Reb3 Rc8 33. Rc3
Rd8+ 34. Ke3 Re8 35. Rc7 e5 36. Rbb7 Rf8 37. Rc6+ f6 38. Re7 Ra5 39. f4 exf4+
40. Kxf4 Ra1 41. e5 Rf1+ 42. Kg3 Rg1+ 43. Kf3 Rf1+ 44. Kg2 Rc1 45. Ree6 Kg5 46.
Rxf6 Re8 47. Rg6+ Kf4 48. e6 Re1 49. Rc4+ Ke5 50. Rxh6 Kd5 51. Rc7 Rg8 52. Rd7+
Ke5 53. e7 Kf4 54. Rf6+ 1-0

[Event "SR 1. liga zapad 2015/2016"]
[Site "?"]
[Date "2015.12.13"]
[Round "6.2"]
[White "Lakatos, Vladimir"]
[Black "Skreno, Vladimir"]
[Result "0-1"]
[WhiteElo "2057"]
[BlackElo "2250"]
[PlyCount "100"]
[EventDate "2015.??.??"]

1. c4 Nf6 2. Nc3 g6 3. g3 Bg7 4. Bg2 c6 5. e4 e5 6. Nge2 O-O 7. O-O d6 8. d4
Nbd7 9. b3 Re8 10. d5 c5 11. Qd3 Nh5 12. Be3 Nf8 13. Rac1 a6 14. Qd2 Bd7 15. h3
f5 16. Bh6 b5 17. Bxg7 Kxg7 18. f3 b4 19. Nd1 Nf6 20. Nf2 h6 21. a3 a5 22. axb4
axb4 23. Ra1 fxe4 24. Nxe4 Nxe4 25. fxe4 Nh7 26. Kh2 Rf8 27. Rxf8 Qxf8 28. Rf1
Qe7 29. Ng1 Ra3 30. Qb2 Qd8 31. Nf3 Qe7 32. Ra1 Rxa1 33. Qxa1 Nf6 34. Qa7 Kf7
35. Qc7 g5 36. Ng1 Be8 37. Qxe7+ Kxe7 38. Ne2 Bg6 39. g4 Nxe4 40. Bxe4 Bxe4 41.
Kg3 Bc2 42. Nc1 e4 43. Kf2 Kf6 44. Ke3 Ke5 45. Kd2 Bd3 46. Nxd3+ exd3 47. Kxd3
Kf4 48. Ke2 Kg3 49. Ke3 Kxh3 50. Kf3 Kh4 0-1

[Event "SR 1. liga zapad 2015/2016"]
[Site "?"]
[Date "2015.12.13"]
[Round "6.2"]
[White "Szucs, Vladimir"]
[Black "Kaniansky, Miroslav"]
[Result "1/2-1/2"]
[WhiteElo "2154"]
[BlackElo "2190"]
[PlyCount "52"]
[EventDate "2015.??.??"]

1. Nf3 Nf6 2. c4 c6 3. d4 d5 4. cxd5 cxd5 5. Nc3 Nc6 6. Bf4 e6 7. e3 Be7 8. h3
O-O 9. Bd3 Qb6 10. a3 Bd7 11. O-O Rfc8 12. Na4 Qd8 13. b4 Be8 14. Qb3 Bd6 15.
Bxd6 Qxd6 16. Rfc1 Ne7 17. Ne5 Rxc1+ 18. Rxc1 Rc8 19. Rxc8 Nxc8 20. Qc2 Ne7 21.
Qc5 Qxc5 22. Nxc5 b6 23. Nb3 Ba4 24. Nd2 Nc8 25. Nb1 Nd7 26. Nxd7 Bxd7 1/2-1/2

[Event "SR 1. liga zapad 2015/2016"]
[Site "?"]
[Date "2015.12.13"]
[Round "6.2"]
[White "Huba, Martin"]
[Black "Gorusa, Miroslav"]
[Result "1/2-1/2"]
[WhiteElo "2160"]
[BlackElo "2158"]
[PlyCount "33"]
[EventDate "2015.??.??"]

1. e4 e5 2. Nf3 Nc6 3. Bc4 Bc5 4. O-O Nf6 5. d3 d6 6. c3 O-O 7. Nbd2 a6 8. Bb3
Be6 9. Bc2 Bg4 10. Re1 Re8 11. Nf1 d5 12. Qe2 d4 13. h3 Bh5 14. Ng3 Bg6 15. Nh4
Nh5 16. Nhf5 Nxg3 17. Nxg3 1/2-1/2

[Event "SR 1. liga zapad 2015/2016"]
[Site "?"]
[Date "2015.12.13"]
[Round "6.2"]
[White "Horvath, Marian"]
[Black "Detko, Jan"]
[Result "1/2-1/2"]
[WhiteElo "2174"]
[BlackElo "2154"]
[PlyCount "102"]
[EventDate "2015.??.??"]

1. d4 Nf6 2. c4 e6 3. Nf3 Bb4+ 4. Bd2 Qe7 5. Qb3 Bxd2+ 6. Nbxd2 d6 7. g3 O-O 8.
Bg2 e5 9. dxe5 dxe5 10. Ng5 c6 11. Qc2 h6 12. h4 Na6 13. a3 Nc7 14. c5 Ne6 15.
Nge4 Nd4 16. Qc3 Nd5 17. Qc1 f5 18. Nc3 Nf6 19. e3 Ne6 20. Na4 f4 21. gxf4 exf4
22. Qc4 Ng4 23. e4 Kh8 24. Bf3 Ne5 25. Qc3 Nc7 26. O-O-O Nb5 27. Qc2 Nd4 28.
Qb1 Ndxf3 29. Nxf3 Nxf3 30. Qd3 Bg4 31. Qc3 Rad8 32. b4 Rxd1+ 33. Rxd1 Rd8 34.
Rxd8+ Qxd8 35. Nb2 Qd4 36. Qxd4 Nxd4 37. Nc4 Ne6 38. Nd6 Nd8 39. a4 Bd7 40. Kd2
Kg8 41. Kd3 Kf8 42. Kd4 g5 43. hxg5 hxg5 44. e5 Ke7 45. Ke4 Be6 46. b5 Bd5+ 47.
Kf5 cxb5 48. axb5 Ne6 49. Nc8+ Kd7 50. Nxa7 Nxc5 51. Kxg5 Ne6+ 1/2-1/2

[Event "SR 1. liga zapad 2015/2016"]
[Site "?"]
[Date "2015.12.13"]
[Round "6.2"]
[White "Gunis, Juraj"]
[Black "Pinter, Patrik"]
[Result "0-1"]
[WhiteElo "2044"]
[BlackElo "2147"]
[PlyCount "84"]
[EventDate "2015.??.??"]

1. Nf3 g6 2. c4 Bg7 3. d4 c5 4. d5 d6 5. h3 Nf6 6. Nc3 O-O 7. e4 Na6 8. Bd3 Nc7
9. O-O a6 10. Re1 Bd7 11. a4 Rb8 12. a5 b5 13. axb6 Rxb6 14. e5 Nfe8 15. Qc2
Bc8 16. exd6 exd6 17. Bg5 Nf6 18. Nd2 h6 19. Bh4 g5 20. Bg3 Nh5 21. Bh2 f5 22.
Re2 Rf6 23. Rae1 Bf8 24. Nd1 Bd7 25. Ne3 Ng7 26. f4 a5 27. Nf3 Rf7 28. Rf1 Na6
29. Qd2 Nb4 30. Bb1 g4 31. hxg4 fxg4 32. Ne1 Qh4 33. g3 Qh5 34. Nd3 Nf5 35.
Nxf5 Bxf5 36. Nf2 Bg7 37. Kg2 Bd4 38. Bxf5 Qxf5 39. Re8+ Kg7 40. Qe2 Bxf2 41.
Kxf2 Nd3+ 42. Kg1 Rxb2 0-1

[Event "SR 1. liga zapad 2015/2016"]
[Site "?"]
[Date "2015.12.13"]
[Round "6.3"]
[White "Zetocha, Claudiu"]
[Black "Balogh, Tomas"]
[Result "1/2-1/2"]
[WhiteElo "2319"]
[BlackElo "2333"]
[PlyCount "20"]
[EventDate "2015.??.??"]

1. e4 e5 2. Nf3 Nf6 3. Nxe5 d6 4. Nf3 Nxe4 5. Nc3 Nxc3 6. dxc3 Be7 7. Bf4 O-O
8. Qd2 Qe8 9. O-O-O Qa4 10. Kb1 Nc6 1/2-1/2

[Event "SR 1. liga zapad 2015/2016"]
[Site "?"]
[Date "2015.12.13"]
[Round "6.3"]
[White "Slacky, Stanislav"]
[Black "Ruckschloss, Karol"]
[Result "1/2-1/2"]
[WhiteElo "2179"]
[BlackElo "2265"]
[PlyCount "55"]
[EventDate "2015.??.??"]

1. d4 f5 2. g3 g6 3. Bg2 Nf6 4. Nf3 Bg7 5. O-O O-O 6. b3 d5 7. Bb2 Ne4 8. e3
Nd7 9. Nbd2 c6 10. Ne5 Nxe5 11. dxe5 Qc7 12. f4 Rd8 13. Nxe4 dxe4 14. Qe2 Be6
15. Rfd1 b5 16. Bf1 a6 17. Qe1 c5 18. c4 Qb6 19. Bc3 b4 20. Bb2 a5 21. Rxd8+
Rxd8 22. Rd1 Ra8 23. Rd2 a4 24. Qd1 Kf7 25. Be2 Ke8 26. Kf2 Bc8 27. h3 a3 28.
Bc1 1/2-1/2

[Event "SR 1. liga zapad 2015/2016"]
[Site "?"]
[Date "2015.12.13"]
[Round "6.3"]
[White "Janos, Martin"]
[Black "Dujava, Daniel"]
[Result "1-0"]
[WhiteElo "2248"]
[BlackElo "2152"]
[PlyCount "93"]
[EventDate "2015.??.??"]

1. e4 c5 2. d4 cxd4 3. Nf3 e6 4. Nxd4 Nc6 5. Be3 Nf6 6. Nd2 d5 7. c3 dxe4 8.
Nxc6 bxc6 9. Qa4 Be7 10. Nxe4 O-O 11. Nxf6+ Bxf6 12. Be2 Qc7 13. O-O Bb7 14.
Rad1 Be7 15. Rd2 Rfd8 16. Rfd1 Rxd2 17. Rxd2 h6 18. Qg4 Kh8 19. Qh5 Bf8 20. Bd4
Qf4 21. Be3 Qc7 22. Qh4 c5 23. Bf4 e5 24. Be3 Re8 25. Bb5 Re7 26. Qc4 Qc8 27.
Qxc5 Qf5 28. Bf1 Re8 29. Qxa7 Bxg2 30. Qd7 Qxd7 31. Rxd7 Be4 32. Rxf7 Bd5 33.
Rc7 Bxa2 34. Bc4 Bb1 35. Bd5 Rb8 36. b4 Rd8 37. Bf3 Bd6 38. Ra7 e4 39. Bg4 Be5
40. c4 Rd6 41. Ra8+ Kh7 42. Bf5+ g6 43. Ra7+ Kg8 44. Bg4 g5 45. c5 Rf6 46. Be2
g4 47. b5 1-0

[Event "SR 1. liga zapad 2015/2016"]
[Site "?"]
[Date "2015.12.13"]
[Round "6.3"]
[White "Pytlik, Pavol"]
[Black "Janos, Jozef"]
[Result "1/2-1/2"]
[WhiteElo "2095"]
[BlackElo "2129"]
[PlyCount "42"]
[EventDate "2015.??.??"]

1. e4 c5 2. Nc3 Nc6 3. f4 e6 4. Nf3 d5 5. d3 Nf6 6. e5 Nd7 7. g3 Be7 8. Bg2 O-O
9. O-O f6 10. exf6 Bxf6 11. Ne2 Re8 12. c3 b5 13. d4 c4 14. Ne5 Qb6 15. Kh1 Nf8
16. Ng1 a5 17. Ngf3 b4 18. Nxc6 Qxc6 19. Ne5 Qc7 20. Qe2 Bxe5 21. fxe5 Ng6
1/2-1/2

[Event "SR 1. liga zapad 2015/2016"]
[Site "?"]
[Date "2015.12.13"]
[Round "6.3"]
[White "Mikulas, Dusan"]
[Black "Szeko, Ludovit"]
[Result "1-0"]
[WhiteElo "2067"]
[BlackElo "2043"]
[Annotator "rastík"]
[PlyCount "68"]
[EventDate "2015.??.??"]

1. e4 Nf6 2. e5 Nd5 3. d4 d6 4. c4 Nb6 5. exd6 cxd6 6. h3 g6 7. Nc3 Bg7 8. Nf3
O-O 9. Be2 Bf5 10. Be3 d5 11. b3 Nc6 12. c5 Nd7 13. Rc1 Nf6 14. O-O Ne4 15. Bd3
Nxc3 16. Rxc3 Qa5 17. Rc1 Bxd3 18. Qxd3 Rad8 19. a3 Qc7 20. b4 e5 21. dxe5 Nxe5
22. Nxe5 Qxe5 23. b5 d4 24. Bd2 Rfe8 25. Rfe1 Qd5 26. Rxe8+ Rxe8 27. Qc4 Qf5
28. c6 Qc8 29. Bf4 h6 30. Qd5 bxc6 31. bxc6 g5 32. Bg3 Bf6 33. c7 Qa6 34. Qd7
Rf8 1-0

[Event "SR 1. liga zapad 2015/2016"]
[Site "?"]
[Date "2015.12.13"]
[Round "6.3"]
[White "Jursa, Branislav"]
[Black "Sturc, Jan"]
[Result "1/2-1/2"]
[WhiteElo "1965"]
[BlackElo "2047"]
[PlyCount "124"]
[EventDate "2015.??.??"]

1. e4 c5 2. c3 d5 3. exd5 Qxd5 4. d4 Nf6 5. Nf3 Nc6 6. Be2 Bf5 7. O-O e6 8. Qa4
Qd7 9. Rd1 cxd4 10. Nxd4 Nxd4 11. Qxd7+ Nxd7 12. Rxd4 Bc5 13. Rd2 O-O-O 14. b4
Be7 15. Na3 Ne5 16. Rxd8+ Rxd8 17. Be3 a6 18. h3 Bd3 19. Kf1 Nc6 20. Nc4 b5 21.
Nb2 Bxe2+ 22. Kxe2 Kb7 23. Nd3 e5 24. f3 f5 25. a4 e4 26. fxe4 fxe4 27. Nf2 Re8
28. Nxe4 Bxb4 29. axb5 axb5 30. Kd3 Rd8+ 31. Kc2 Re8 32. Kd3 Rd8+ 33. Ke2 Re8
34. Kf3 Ne5+ 35. Kg3 Nc6 36. Nc5+ Bxc5 37. Bxc5 Re5 38. Bg1 Rd5 39. Rf1 Ne5 40.
Bd4 g6 41. Rf8 Kc7 42. h4 Nc6 43. Rf7+ Rd7 44. Bb6+ Kd6 45. Rxd7+ Kxd7 46. Kf4
h6 47. Ke4 Ke6 48. Be3 h5 49. Bf4 b4 50. c4 b3 51. Bc1 Ne5 52. Kd4 Kf5 53. c5
Nc6+ 54. Ke3 Ke5 55. Kf3 Kd4 56. Ba3 Kd5 57. Ke3 Nd4 58. Kd3 Nf5 59. Ke2 Nxh4
60. g3 Nf5 61. Kf3 g5 62. g4 hxg4+ 1/2-1/2

[Event "SR 1. liga zapad 2015/2016"]
[Site "?"]
[Date "2015.12.13"]
[Round "6.3"]
[White "Hudec, Jan"]
[Black "Puchovsky, Ladislav"]
[Result "1-0"]
[WhiteElo "2040"]
[BlackElo "1944"]
[PlyCount "99"]
[EventDate "2015.??.??"]

1. d4 f5 2. g3 Nf6 3. Bg2 g6 4. Nf3 Bg7 5. b4 O-O 6. Bb2 d6 7. Nbd2 Qe8 8. Rb1
Nbd7 9. O-O e5 10. dxe5 dxe5 11. e4 c6 12. Qe2 Ng4 13. Rbe1 f4 14. Nc4 Qe7 15.
Qd2 b6 16. a4 Kh8 17. Qd6 Qxd6 18. Nxd6 a5 19. Nxc8 Raxc8 20. Rd1 Rc7 21. Ng5
Ra7 22. Ne6 fxg3 23. hxg3 Re8 24. Nxg7 Kxg7 25. bxa5 bxa5 26. Rd6 Rc8 27. Rfd1
Rcc7 28. Bh3 Ngf6 29. f4 Nc5 30. Rxf6 Kxf6 31. Bxe5+ Kf7 32. Bxc7 Rxc7 33. Rd4
Nb7 34. Kf2 Ke7 35. Ke3 c5 36. Rd5 Nd6 37. Re5+ Kf7 38. Be6+ Kg7 39. Bd5 h5 40.
Re6 Rd7 41. Kf3 Rd8 42. Re7+ Kf6 43. Ra7 g5 44. e5+ Kf5 45. exd6 g4+ 46. Kf2
Rxd6 47. c4 Rb6 48. Rf7+ Kg6 49. Rb7 Rf6 50. Be4+ 1-0

[Event "SR 1. liga zapad 2015/2016"]
[Site "?"]
[Date "2015.12.13"]
[Round "6.3"]
[White "Novak, Martin"]
[Black "Zetocha, Adrian"]
[Result "0-1"]
[WhiteElo "1853"]
[BlackElo "1803"]
[PlyCount "106"]
[EventDate "2015.??.??"]

1. Nf3 Nf6 2. d3 d5 3. g3 Nc6 4. Bg2 e5 5. O-O Bc5 6. Nc3 O-O 7. Bg5 Be6 8. e4
d4 9. Ne2 Be7 10. Kh1 Ne8 11. Bxe7 Qxe7 12. Nh4 Nd6 13. f4 f6 14. f5 Bf7 15.
Ng1 b5 16. Nh3 Na5 17. Qd2 Nab7 18. g4 h6 19. Rf3 c5 20. Rg1 Rfb8 21. Bf1 Kf8
22. g5 hxg5 23. Nxg5 Ke8 24. Nh3 Kd7 25. Rxg7 Rg8 26. Rfg3 Rxg7 27. Rxg7 Rg8
28. Qg2 Rxg7 29. Qxg7 Bxa2 30. Qxe7+ Kxe7 31. Ng6+ Kf7 32. Be2 c4 33. Nf2 Nc5
34. Kg2 Bb1 35. Bd1 cxd3 36. cxd3 Nxd3 37. Bb3+ Kg7 38. Kf3 Nxf2 39. Kxf2 Nxe4+
40. Ke2 Nd6 41. Ne7 Nxf5 42. Nc6 a6 43. Be6 Nd6 44. b4 Bg6 45. Nb8 Ne4 46. Nxa6
Nc3+ 47. Kd2 e4 48. Nc5 e3+ 49. Ke1 d3 50. Nb3 Bf7 51. Bxf7 Kxf7 52. Nd2 exd2+
53. Kxd2 Nd5 0-1

[Event "SR 1. liga zapad 2015/2016"]
[Site "?"]
[Date "2015.12.13"]
[Round "6.4"]
[White "Certek, Pavel"]
[Black "Schwarz, Dusan"]
[Result "0-1"]
[WhiteElo "2303"]
[BlackElo "2297"]
[PlyCount "118"]
[EventDate "2015.??.??"]

1. d4 Nf6 2. c4 c5 3. e3 g6 4. Nc3 Bg7 5. Nf3 O-O 6. Be2 cxd4 7. exd4 d5 8. O-O
Nc6 9. Bg5 Be6 10. Rc1 dxc4 11. Bxf6 Bxf6 12. d5 Bxc3 13. dxe6 Qxd1 14. exf7+
Kxf7 15. Rfxd1 Bxb2 16. Bxc4+ Kf6 17. Rb1 Ba3 18. Rxb7 Na5 19. Rc7 Bd6 20.
Rxd6+ exd6 21. Ba6 Rf7 22. Rc3 Rb8 23. h4 Rb1+ 24. Kh2 Rb2 25. Ra3 Nc6 26. Bc4
Rd7 27. Bb3 Ne5 28. Ng5 h6 29. Ne4+ Ke7 30. Kg3 d5 31. Nc3 d4 32. Nd5+ Kd8 33.
Nf6 Rc7 34. Ra5 Rc3+ 35. f3 Nc6 36. Rd5+ Ke7 37. Ne4 Rc1 38. Rd6 Na5 39. Re6+
Kd8 40. Rd6+ Kc7 41. Bf7 Rcc2 42. Kf4 g5+ 43. hxg5 hxg5+ 44. Kxg5 Rxg2+ 45. Kf4
Rb8 46. Rf6 d3 47. Ke3 Rd8 48. Nc3 d2 49. Ra6 Nc6 50. Bb3 Rg1 51. Ba4 Nb4 52.
Ra5 Re1+ 53. Kf2 Nd3+ 54. Kg2 Rg8+ 55. Kh2 Nf2 56. Rc5+ Kb6 57. Rb5+ Ka6 58.
Rb1 Rxb1 59. Nxb1 d1=Q 0-1

[Event "SR 1. liga zapad 2015/2016"]
[Site "?"]
[Date "2015.12.13"]
[Round "6.4"]
[White "Vlcek, Stanislav"]
[Black "Hacik, Radomir"]
[Result "1-0"]
[WhiteElo "2283"]
[BlackElo "2195"]
[PlyCount "93"]
[EventDate "2015.??.??"]

1. c4 e5 2. Nc3 Nc6 3. g3 g6 4. Bg2 Bg7 5. d3 Nge7 6. Rb1 O-O 7. b4 Nd4 8. e3
Ne6 9. Nge2 c6 10. Qb3 d6 11. O-O Kh8 12. a4 Nc7 13. b5 Be6 14. Ba3 Re8 15. Ne4
Nc8 16. bxc6 bxc6 17. Qb7 Bf8 18. Ng5 Qxg5 19. Qxc7 d5 20. Qxc6 Nb6 21. Bxf8
Rxf8 22. a5 Rac8 23. Qb5 Bd7 24. Qb4 Na4 25. cxd5 Bg4 26. Nc1 Nc3 27. Rb3 Ne2+
28. Nxe2 Bxe2 29. Re1 Bg4 30. Qd2 Qd8 31. Rb7 Rc7 32. Rxc7 Qxc7 33. Qb4 Qc8 34.
d4 exd4 35. Qxd4+ Kg8 36. e4 Qc7 37. e5 Bc8 38. Qd2 Bf5 39. d6 Qc5 40. h3 Re8
41. Bd5 Bxh3 42. Rc1 Qa3 43. Kh2 Bd7 44. Qf4 Rf8 45. Rc7 Qxa5 46. Qc4 Bb5 47.
Bxf7+ 1-0

[Event "SR 1. liga zapad 2015/2016"]
[Site "?"]
[Date "2015.12.13"]
[Round "6.4"]
[White "Sosovicka, Juraj"]
[Black "Bednar, Jan"]
[Result "1-0"]
[WhiteElo "2174"]
[BlackElo "2107"]
[PlyCount "59"]
[EventDate "2015.??.??"]

1. b3 d5 2. Bb2 c5 3. e3 Nc6 4. Bb5 Bd7 5. Nf3 Nf6 6. O-O e6 7. Bxc6 Bxc6 8.
Ne5 Rc8 9. d3 Bd6 10. f4 O-O 11. Nd2 Nd7 12. Qg4 Nxe5 13. fxe5 Be7 14. Rf3 g6
15. Raf1 Bg5 16. Rg3 Bh6 17. Qh3 Bg7 18. Nf3 Qe7 19. Ng5 h6 20. Nf3 b5 21. Qg4
a5 22. h4 a4 23. h5 g5 24. Nxg5 hxg5 25. h6 Bxh6 26. Rf6 Kh7 27. Qh5 Qxf6 28.
exf6 Rg8 29. Qxf7+ Kh8 30. Rh3 1-0

[Event "SR 1. liga zapad 2015/2016"]
[Site "?"]
[Date "2015.12.13"]
[Round "6.4"]
[White "Kovac, Andrej"]
[Black "Nemsak, Denis"]
[Result "1-0"]
[WhiteElo "2187"]
[BlackElo "2107"]
[PlyCount "47"]
[EventDate "2015.??.??"]

1. b3 f5 2. Bb2 e6 3. e4 Qh4 4. Nc3 fxe4 5. g3 Qh6 6. Nxe4 Nf6 7. Nxf6+ gxf6 8.
Be2 Nc6 9. Bh5+ Kd8 10. Bf3 d6 11. Ne2 e5 12. O-O Ne7 13. d4 Bg7 14. c4 c6 15.
b4 Kc7 16. Qa4 Bd7 17. Rfd1 Rhd8 18. Qa5+ b6 19. Qa3 f5 20. dxe5 dxe5 21. c5 e4
22. Rd6 Qg5 23. Bc1 Bb2 24. Qxb2 1-0

[Event "SR 1. liga zapad 2015/2016"]
[Site "?"]
[Date "2015.12.13"]
[Round "6.4"]
[White "Petrik, Karol"]
[Black "Valent, Ivan"]
[Result "1/2-1/2"]
[WhiteElo "2073"]
[BlackElo "2215"]
[PlyCount "109"]
[EventDate "2015.??.??"]

1. e4 c5 2. Ne2 Nc6 3. Nbc3 d6 4. g3 g6 5. Bg2 Bg7 6. O-O e6 7. d3 Nge7 8. Be3
Nd4 9. Qd2 O-O 10. Nd1 Nxe2+ 11. Qxe2 b6 12. Qd2 Bb7 13. Bh6 f5 14. Bxg7 Kxg7
15. f4 Qd7 16. Ne3 Rae8 17. Rae1 b5 18. Rf2 d5 19. exf5 exf5 20. d4 c4 21. Rfe2
Ng8 22. Qa5 Bc6 23. Nd1 Nf6 24. Re5 Ne4 25. Bxe4 dxe4 26. Qd2 Rxe5 27. fxe5 f4
28. gxf4 Qg4+ 29. Qg2 Rxf4 30. Ne3 Qh4 31. Rd1 Rf3 32. d5 Rxe3 33. dxc6 Qh5 34.
Rd7+ Kh6 35. Rf7 Qxe5 36. Qf2 Qg5+ 37. Kf1 c3 38. b3 Rf3 39. Rxf3 exf3 40. Qxf3
Qc1+ 41. Kg2 Qxc2+ 42. Kh3 Qd2 43. Qf8+ Kh5 44. Qc5+ g5 45. Qf5 Qe3+ 46. Kg2
Qe2+ 47. Kg3 Qe1+ 48. Kg2 Qe2+ 49. Kg3 Qe3+ 50. Kg2 Qd2+ 51. Kf3 Qd1+ 52. Kf2
Qd2+ 53. Kf3 Qd1+ 54. Kf2 Qd2+ 55. Kf3 1/2-1/2

[Event "SR 1. liga zapad 2015/2016"]
[Site "?"]
[Date "2015.12.13"]
[Round "6.4"]
[White "Cambel, Vladimir"]
[Black "Orosi, Peter"]
[Result "0-1"]
[WhiteElo "2058"]
[BlackElo "2017"]
[PlyCount "80"]
[EventDate "2015.??.??"]

1. Nf3 Nf6 2. c4 c6 3. g3 d5 4. b3 Bf5 5. Bg2 e6 6. Bb2 Nbd7 7. O-O Bd6 8. d4
O-O 9. Nbd2 Re8 10. Nh4 Bg4 11. f4 c5 12. h3 Bh5 13. Ndf3 Ne4 14. Qe1 Qc7 15.
Rc1 g5 16. Nxg5 Nxg5 17. g4 Bxf4 18. gxh5 Bxc1 19. Qxc1 Qg3 20. Nf3 Nxh3+ 21.
Kh1 Nf4 22. Rg1 Nxe2 23. Qe1 Qxe1 24. Rxe1 Nf4 25. h6 Nd3 26. Re2 Nxb2 27. Rxb2
f6 28. cxd5 exd5 29. Nh4 cxd4 30. Bxd5+ Kh8 31. Bxb7 Re1+ 32. Kh2 Rg8 33. Rd2
Rg4 34. Kh3 Ne5 35. Nf5 d3 36. a4 Rf4 37. Ng3 Rg1 38. Bg2 Rc1 39. Be4 Rc8 40.
Bb7 Rc2 0-1

[Event "SR 1. liga zapad 2015/2016"]
[Site "?"]
[Date "2015.12.13"]
[Round "6.4"]
[White "Goga, Frantisek"]
[Black "Breja, Stanislav"]
[Result "1/2-1/2"]
[WhiteElo "1985"]
[BlackElo "2002"]
[PlyCount "31"]
[EventDate "2015.??.??"]

1. e4 e5 2. Nf3 Nf6 3. Nxe5 d6 4. Nxf7 Kxf7 5. d4 Be7 6. Nc3 Rf8 7. Bc4+ Be6 8.
Bxe6+ Kxe6 9. Bg5 Kf7 10. Bxf6 gxf6 11. Qh5+ Kg7 12. O-O-O Qe8 13. Qf5 Qd7 14.
Qh5 Qe8 15. Qf5 Qd7 16. Qh5 1/2-1/2

[Event "SR 1. liga zapad 2015/2016"]
[Site "?"]
[Date "2015.12.13"]
[Round "6.5"]
[White "Veres, Andrej"]
[Black "Lanc, Alois"]
[Result "0-1"]
[WhiteElo "2196"]
[BlackElo "2318"]
[PlyCount "66"]
[EventDate "2015.??.??"]

1. d4 Nf6 2. Nf3 g6 3. c4 Bg7 4. Nc3 d6 5. e4 O-O 6. Be2 e5 7. O-O Nbd7 8. Re1
c6 9. d5 c5 10. a3 Ne8 11. b4 Nc7 12. Nd2 f5 13. Nb3 Na6 14. Bf3 cxb4 15. axb4
Nf6 16. c5 Nxb4 17. cxd6 a5 18. Ba3 fxe4 19. Bxe4 Qxd6 20. Nb5 Qb6 21. Bxb4
axb4 22. Rxa8 Nxe4 23. Rxc8 Rxc8 24. Rxe4 Qxb5 25. Qg4 Re8 26. d6 Qd3 27. Nc1
Qxd6 28. Rxb4 Qd2 29. Qc4+ Kh8 30. Rxb7 e4 31. Rf7 Qd1+ 32. Qf1 Rd8 33. Re7 Qc2
0-1